[Event "24th ch-EUR Indiv w 2024"]
[Site "Rhodes GRE"]
[Date "2024.04.27"]
[Round "8.1"]
[White "Sliwicka, Alicja"]
[Black "Fataliyeva, Ulviyya"]
[Result "0-1"]
[WhiteTitle "WIM"]
[BlackTitle "IM"]
[WhiteElo "2315"]
[BlackElo "2377"]
[WhiteFideId "1150677"]
[BlackFideId "13403052"]
[EventDate "2024.04.19"]

1. e4 e5 2. Nf3 Nc6 3. Bb5 a6 4. Ba4 Nf6 5. O-O Be7 6. d3 b5 7. Bb3 d6 8. Bd2
Bg4 9. c3 Na5 10. Bc2 c5 11. h3 Bh5 12. Be3 O-O 13. Re1 d5 14. Nbd2 d4 15. cxd4
cxd4 16. Bg5 Nd7 17. Bxe7 Qxe7 18. Nf1 Rfc8 19. g4 Bg6 20. Qd2 b4 21. Rec1 Rab8
22. Bd1 Nc5 23. Ng3 Nc6 24. Rc4 a5 25. Rac1 Na7 26. a3 bxa3 27. bxa3 Nb5 28. Ra1
f6 29. Ne2 Bf7 30. Rcc1 a4 31. Qa5 Bb3 32. Nd2 Bxd1 33. Rxd1 Nc3 34. Nxc3 dxc3
35. Qxc3 Nb3 36. Nc4 Nxa1 37. Rxa1 Rb3 38. Qd2 Qd7 39. Rd1 h5 40. Ne3 hxg4 41.
hxg4 Rcc3 42. d4 exd4 43. Nf5 g6 44. Nh6+ Kh7 45. g5 Qh3 46. Qxd4 Rg3+ 47. fxg3
Rxg3+ 48. Kf2 Rg2+ 49. Ke1 Qh1+ 0-1

[Event "24th ch-EUR Indiv w 2024"]
[Site "Rhodes GRE"]
[Date "2024.04.27"]
[Round "8.2"]
[White "Bulmaga, Irina"]
[Black "Javakhishvili, Lela"]
[Result "1-0"]
[WhiteTitle "IM"]
[BlackTitle "IM"]
[WhiteElo "2394"]
[BlackElo "2447"]
[WhiteFideId "13903063"]
[BlackFideId "13601458"]
[EventDate "2024.04.19"]

1. e4 e5 2. Nf3 Nc6 3. Bc4 Nf6 4. d3 Bc5 5. c3 d6 6. O-O O-O 7. h3 a5 8. Re1 h6
9. Nbd2 Be6 10. Bb5 Qb8 11. Nf1 Qa7 12. d4 exd4 13. Bxc6 bxc6 14. cxd4 Bb6 15.
Ng3 a4 16. Be3 d5 17. e5 Ne4 18. Rc1 Qb7 19. Qc2 Ba5 20. Re2 Nxg3 21. fxg3 Ra6
22. g4 f5 23. exf6 Rxf6 24. Ne5 Bb4 25. Bf2 Qb5 26. Bh4 g5 27. Rf2 Kg7 28. Rxf6
Kxf6 29. Rf1+ Qxf1+ 30. Kxf1 gxh4 31. Qg6+ Ke7 32. Qxh6 a3 33. Qxh4+ Ke8 34.
Qh8+ Ke7 35. b3 c5 36. g5 cxd4 37. Qf6+ Ke8 38. g6 d3 39. Qh8+ Ke7 40. Nxd3 Bd6
41. g7 Bf5 42. Qf8+ 1-0

[Event "24th ch-EUR Indiv w 2024"]
[Site "Rhodes GRE"]
[Date "2024.04.27"]
[Round "8.4"]
[White "Zimina, Olga"]
[Black "Buksa, Nataliya"]
[Result "0-1"]
[WhiteTitle "IM"]
[BlackTitle "IM"]
[WhiteElo "2299"]
[BlackElo "2394"]
[WhiteFideId "4132190"]
[BlackFideId "14123622"]
[EventDate "2024.04.19"]

1. d4 d5 2. Nf3 Nf6 3. g3 e6 4. Bg2 Be7 5. O-O O-O 6. b3 a5 7. c4 b6 8. Qc2 Bb7
9. Nc3 Nbd7 10. Bb2 c5 11. cxd5 exd5 12. Rfd1 Rc8 13. dxc5 Nxc5 14. Ng5 Ne6 15.
Nxe6 fxe6 16. e3 Ba6 17. Bh3 Rc6 18. Qd2 Qe8 19. Rac1 Qh5 20. Nxd5 Nxd5 21. Rxc6
Qxh3 22. e4 Nf4 23. gxf4 Qg4+ 24. Kh1 Be2 25. Rc3 Bf3+ 26. Rxf3 Qxf3+ 27. Kg1
Rd8 28. Qxd8+ Bxd8 29. Rxd8+ Kf7 30. Be5 Qxe4 31. Rd7+ Kf8 32. Rxg7 h5 33. Rg3
Qb1+ 34. Kg2 Qxa2 35. Rc3 b5 36. Rh3 Qe2 37. Re3 Qd1 38. Rc3 Kf7 39. Re3 h4 40.
h3 Qd5+ 41. Kg1 b4 42. Kh2 Qc6 43. Kg1 a4 44. bxa4 Qxa4 45. Kf1 Qd1+ 46. Re1
Qd3+ 47. Kg2 Kg6 48. Rf1 Qe2 49. Rg1 Kf5 50. Kh2 Ke4 51. Rb1 Qxf2+ 52. Kh1 Qf3+
53. Kh2 Qg3+ 54. Kh1 Qxh3+ 55. Kg1 Qg3+ 56. Kh1 b3 57. Rb2 h3 58. Bd6 Qe3 59.
Kh2 Kf5 60. Bc7 Kg4 61. Be5 Qd3 62. Kg1 Kg3 63. f5+ Kg4 64. f6 Qe3+ 65. Rf2 Qxe5
66. f7 Qe1+ 0-1

[Event "24th ch-EUR Indiv w 2024"]
[Site "Rhodes GRE"]
[Date "2024.04.27"]
[Round "8.5"]
[White "Osmak, Yuliia"]
[Black "Daulyte-Cornette, Deimante"]
[Result "1-0"]
[WhiteTitle "IM"]
[BlackTitle "IM"]
[WhiteElo "2459"]
[BlackElo "2381"]
[WhiteFideId "14101602"]
[BlackFideId "12802859"]
[EventDate "2024.04.19"]

1. c4 e6 2. Nc3 d5 3. d4 Nf6 4. cxd5 exd5 5. Bg5 c6 6. e3 h6 7. Bh4 Be7 8. Bd3
O-O 9. Nge2 Ne8 10. Bg3 Nd6 11. Qc2 Re8 12. O-O Bf8 13. b4 Nd7 14. b5 Nb6 15.
bxc6 bxc6 16. Na4 Nxa4 17. Qxa4 Bd7 18. Qc2 Ne4 19. Bxe4 Rxe4 20. Rab1 Bf5 21.
Rb2 Qd7 22. Qa4 Ree8 23. Rc1 Rec8 24. Nf4 Bd6 25. h3 Rab8 26. Rxb8 Bxb8 27. Qa6
Kh7 28. Ne2 Bxg3 29. Nxg3 Bg6 30. Ne2 Bf5 31. Rc3 Qc7 32. Rb3 Rb8 33. Rxb8 Qxb8
34. Nc3 Qb6 35. Qxb6 axb6 36. Na4 b5 37. Nc5 h5 38. h4 Kg6 39. a3 Kf6 40. Kh2
Ke7 41. Kg3 Bc2 42. Kf4 f6 43. f3 Kd6 44. Na6 Bb1 45. Kg3 Ke6 46. Kf2 Kd6 47.
Nc5 Bf5 48. Ke2 Kc7 49. Kd2 Kd6 50. Kc3 g5 51. g3 g4 52. f4 Kc7 53. Kb4 Kd6 54.
Ka5 Kc7 55. Ka6 Bc8+ 56. Ka7 Bf5 57. Na6+ Kd6 58. Kb7 Bd7 59. Nc5 Bf5 60. Kb8
Bd7 61. Nb7+ Ke6 62. Kc7 Be8 63. Nc5+ Ke7 64. f5 Kf8 65. Kd6 Kf7 66. Ne6 1-0

[Event "24th ch-EUR Indiv w 2024"]
[Site "Rhodes GRE"]
[Date "2024.04.27"]
[Round "8.6"]
[White "Brunello, Marina"]
[Black "Wagner, Dinara"]
[Result "0-1"]
[WhiteTitle "IM"]
[BlackTitle "IM"]
[WhiteElo "2353"]
[BlackElo "2453"]
[WhiteFideId "822590"]
[BlackFideId "24157570"]
[EventDate "2024.04.19"]

1. e4 e5 2. Nf3 Nc6 3. Bc4 Bc5 4. d3 Nf6 5. c3 a6 6. Bb3 Ba7 7. Nbd2 h6 8. h3 d5
9. Qe2 O-O 10. g4 Be6 11. g5 Nh5 12. Nf1 dxe4 13. dxe4 Bxb3 14. axb3 hxg5 15.
Nxg5 g6 16. Rg1 Nf4 17. Bxf4 exf4 18. Ne6 f3 19. Qxf3 Ne5 20. Qh5 Bxf2+ 0-1

[Event "24th ch-EUR Indiv w 2024"]
[Site "Rhodes GRE"]
[Date "2024.04.27"]
[Round "8.7"]
[White "Batsiashvili, Nino"]
[Black "Kulon, Klaudia"]
[Result "1-0"]
[WhiteTitle "GM"]
[BlackTitle "IM"]
[WhiteElo "2445"]
[BlackElo "2348"]
[WhiteFideId "13602993"]
[BlackFideId "1131044"]
[EventDate "2024.04.19"]

1. Nf3 d5 2. g3 e6 3. Bg2 Nf6 4. O-O Be7 5. c4 O-O 6. d4 dxc4 7. Qc2 c6 8. a4 b5
9. b3 cxb3 10. Qxb3 b4 11. Bg5 a5 12. Rc1 Bb7 13. Nbd2 Na6 14. Ne5 Qxd4 15. Ndf3
Qb6 16. Bxf6 Bxf6 17. Nd7 Qd8 18. Nxf8 Bxa1 19. Nxh7 Bf6 20. Nxf6+ Qxf6 21. Nd2
e5 22. Qe3 Qe7 23. Nb3 c5 24. Bxb7 Qxb7 25. Qxe5 Rc8 26. Nxa5 Qd7 27. Nc4 Qxa4
28. Nd6 Rd8 29. Nf5 f6 30. Qe6+ Kh8 31. Ne7 f5 32. Qxf5 Rd6 33. Qf8+ Kh7 34.
Qg8+ Kh6 35. Qh8+ Kg5 36. Qh4# 1-0

[Event "24th ch-EUR Indiv w 2024"]
[Site "Rhodes GRE"]
[Date "2024.04.27"]
[Round "8.8"]
[White "Garcia Martin, Marta"]
[Black "Tsolakidou, Stavroula"]
[Result "0-1"]
[WhiteTitle "IM"]
[BlackTitle "IM"]
[WhiteElo "2349"]
[BlackElo "2424"]
[WhiteFideId "32084030"]
[BlackFideId "4264312"]
[EventDate "2024.04.19"]

1. e4 c5 2. c3 Nf6 3. e5 Nd5 4. Nf3 Nc6 5. Bc4 Nb6 6. Bb3 c4 7. Bc2 d5 8. exd6
Qxd6 9. O-O Bg4 10. h3 Bh5 11. Re1 O-O-O 12. b3 Qf6 13. Na3 Bxf3 14. Qxf3 Qxf3
15. gxf3 cxb3 16. axb3 e5 17. Be4 Nd5 18. Nc4 Kb8 19. b4 f6 20. b5 Nce7 21. d4
exd4 22. Rd1 g5 23. Rxd4 Bg7 24. Bxd5 Nxd5 25. Rd3 Nc7 26. Rxd8+ Rxd8 27. b6
axb6 28. Be3 Nd5 29. Rd1 Rd7 30. f4 b5 31. Na3 gxf4 32. Bc5 b6 33. Bd4 b4 34.
cxb4 Nxb4 35. Be5+ Kc8 36. Rc1+ Kd8 37. Bb8 Bf8 38. Nb5 Bc5 39. Kg2 Rd2 40. Bxf4
Rxf2+ 41. Kg3 Rb2 42. Rd1+ Ke7 43. Nc7 Rb3+ 44. Kg4 Nd3 45. Nd5+ Ke6 46. Nc7+
Kf7 47. Bg3 Kg6 48. Nd5 f5+ 49. Kh4 Rb4+ 0-1

[Event "24th ch-EUR Indiv w 2024"]
[Site "Rhodes GRE"]
[Date "2024.04.27"]
[Round "8.9"]
[White "Houska, Jovanka"]
[Black "Beydullayeva, Govhar"]
[Result "1/2-1/2"]
[WhiteTitle "IM"]
[BlackTitle "WGM"]
[WhiteElo "2340"]
[BlackElo "2402"]
[WhiteFideId "405094"]
[BlackFideId "13413015"]
[EventDate "2024.04.19"]

1. d4 Nf6 2. Nf3 d5 3. c4 e6 4. cxd5 exd5 5. Nc3 c6 6. Qc2 g6 7. Bg5 Be7 8. e3
Bf5 9. Bd3 Bxd3 10. Qxd3 Nbd7 11. Bh6 Ng4 12. Bf4 O-O 13. h3 Ngf6 14. O-O Re8
15. Qc2 Bf8 16. Rfd1 Nb6 17. Na4 Nxa4 18. Qxa4 Qb6 19. Ne1 Ne4 20. Nd3 a5 21.
Qb3 Qa7 22. a4 Bd6 23. Be5 Bxe5 24. Nxe5 f6 25. Nd3 Kg7 26. Qa3 Qb6 27. Rab1 Qd8
28. b4 Nd6 29. Qc3 Re7 30. Rb3 axb4 31. Rxb4 Nc4 32. Nb2 Nd6 33. Rb1 Ra5 1/2-1/2

[Event "24th ch-EUR Indiv w 2024"]
[Site "Rhodes GRE"]
[Date "2024.04.27"]
[Round "8.10"]
[White "Benmesbah, Natacha"]
[Black "Maltsevskaya, Aleksandra"]
[Result "0-1"]
[WhiteTitle "WIM"]
[BlackTitle "IM"]
[WhiteElo "2306"]
[BlackElo "2393"]
[WhiteFideId "642002"]
[BlackFideId "24174041"]
[EventDate "2024.04.19"]

1. e4 c5 2. Nf3 e6 3. g3 Nc6 4. Bg2 d5 5. exd5 exd5 6. d4 Bd6 7. O-O Nge7 8.
dxc5 Bxc5 9. Nbd2 O-O 10. Nb3 Bb6 11. Nfd4 Ne5 12. Re1 N7g6 13. h3 Nc4 14. c3
Qd6 15. Qc2 Bd7 16. Bd2 a5 17. a4 Rfe8 18. Nc1 Bxd4 19. Rxe8+ Rxe8 20. cxd4 Qf6
21. Bxd5 Nxd2 22. Qxd2 Bxh3 23. Bxb7 h5 24. Ra3 h4 25. Rf3 Qd6 26. gxh4 Qd7 27.
Bc6 Qxc6 28. Rxh3 Nf4 29. Rg3 Qxc1+ 30. Qxc1 Ne2+ 31. Kf1 Nxc1 32. Rg5 Nb3 33.
Rb5 Nxd4 34. Rxa5 Rb8 35. Rd5 Nf3 36. a5 Rxb2 37. Rd8+ Kh7 38. a6 Ra2 39. Ra8
Nxh4 40. Ke1 Nf3+ 41. Kd1 Rxf2 42. Rf8 Rd2+ 43. Kc1 Rd7 44. Ra8 Nd4 45. a7 Kg6 0-1

[Event "24th ch-EUR Indiv w 2024"]
[Site "Rhodes GRE"]
[Date "2024.04.27"]
[Round "8.11"]
[White "Krasteva, Beloslava"]
[Black "Milliet, Sophie"]
[Result "1/2-1/2"]
[WhiteTitle "FM"]
[BlackTitle "IM"]
[WhiteElo "2220"]
[BlackElo "2392"]
[WhiteFideId "2922029"]
[BlackFideId "623725"]
[EventDate "2024.04.19"]

1. d4 Nf6 2. c4 e6 3. Nc3 Bb4 4. Qc2 d6 5. e3 O-O 6. Bd3 e5 7. Ne2 Bxc3+ 8. Qxc3
e4 9. Bc2 d5 10. b3 Re8 11. Nf4 Nc6 12. O-O Ne7 13. Ba3 a5 14. Rae1 Ng6 15. Nxg6
hxg6 16. f3 Bf5 17. Kh1 g5 18. Qd2 Ra6 19. Qf2 Qd7 20. Qg3 g4 21. fxg4 Nxg4 22.
cxd5 Rh6 23. h3 Nf6 24. Kh2 Nxd5 25. Rf2 Rg6 26. Qh4 Rh6 27. Qg3 Ra8 28. Kg1 Nf6
29. Ref1 Rg6 30. Qh4 Bxh3 31. Bxe4 Nxe4 32. Qxe4 Be6 33. Qd3 a4 34. Bb2 axb3 35.
axb3 Ra5 36. Ra1 Rxa1+ 37. Bxa1 Qc6 38. e4 Qc1+ 39. Rf1 Qg5 40. Rf2 Qc1+ 41. Rf1
Qg5 42. Rf2 Qh4 43. d5 Rh6 44. Rf1 Bg4 45. Be5 Qh5 46. Qg3 Rg6 47. Qh2 Qg5 48.
Qf4 Qe7 49. Bd4 Be2 50. Rf2 Rg4 51. Qe5 Qxe5 52. Bxe5 Bd3 53. Bxc7 Bxe4 54. Rd2
Bf5 55. Ba5 Rg3 56. d6 Bd7 57. b4 f6 58. Kf2 Rg5 59. Re2 Rf5+ 60. Ke1 1/2-1/2

[Event "24th ch-EUR Indiv w 2024"]
[Site "Rhodes GRE"]
[Date "2024.04.27"]
[Round "8.12"]
[White "Vega Gutierrez, Sabrina"]
[Black "Sieber, Fiona"]
[Result "0-1"]
[WhiteTitle "IM"]
[BlackTitle "WGM"]
[WhiteElo "2383"]
[BlackElo "2222"]
[WhiteFideId "2219026"]
[BlackFideId "12902373"]
[EventDate "2024.04.19"]

1. e4 c5 2. Nf3 e6 3. d4 cxd4 4. Nxd4 Nf6 5. Nc3 Nc6 6. Be2 Bb4 7. O-O d6 8.
Nxc6 bxc6 9. Qd3 O-O 10. a3 Bxc3 11. Qxc3 Qc7 12. Bd3 e5 13. Bg5 Nd7 14. b4 Re8
15. Bc4 Nf8 16. f4 d5 17. Bb3 h6 18. Bxh6 gxh6 19. exd5 exf4 20. Qf6 Qe5 21.
Qxc6 Bg4 22. Qxh6 Ng6 23. d6 Qxd6 24. Rf2 Re4 25. c3 Rae8 26. Qg5 Qb6 27. Kh1
Kg7 28. Qd5 Qxf2 0-1

[Event "24th ch-EUR Indiv w 2024"]
[Site "Rhodes GRE"]
[Date "2024.04.27"]
[Round "8.13"]
[White "Wikar, Martyna"]
[Black "Hejazipour, Mitra"]
[Result "1/2-1/2"]
[WhiteTitle "WIM"]
[BlackTitle "WGM"]
[WhiteElo "2214"]
[BlackElo "2376"]
[WhiteFideId "21807663"]
[BlackFideId "12505951"]
[EventDate "2024.04.19"]

1. e4 c5 2. Nf3 e6 3. d4 cxd4 4. Nxd4 Nc6 5. Nc3 Qc7 6. a3 a6 7. Be3 b5 8. Nxc6
Qxc6 9. h4 Bb7 10. h5 h6 11. Rh3 Qc7 12. Qd4 Bd6 13. O-O-O Be5 14. Qb4 Ne7 15.
Bd4 Bf4+ 16. Be3 Nc6 17. Qc5 Be5 18. Ne2 d6 19. Qb6 O-O-O 20. f4 Bf6 21. b4 Nb8
22. Qxc7+ Kxc7 23. Ng3 Rc8 24. Bd4 Nd7 25. Bxf6 Nxf6 26. Re1 Kb6 27. Bd3 Rc3 28.
Kb2 Rhc8 29. Ne2 R3c7 30. Nd4 Rd8 31. Nb3 e5 32. fxe5 dxe5 33. Nc5 Bc8 34. Rh4
Bg4 35. Rf1 Bc8 36. Rf3 Ne8 37. Rg3 f6 38. Rh1 Nd6 39. Be2 Nb7 40. Nxb7 Bxb7 41.
Bd3 Rd4 42. Re1 Bc8 43. Rd1 Rcd7 44. Ra1 Bb7 45. Re1 a5 46. Kb3 Bc6 47. bxa5+
Kxa5 48. Ree3 Kb6 49. c3 Ra4 50. Kb2 Kc5 51. Bc2 Ra8 52. Rd3 Rda7 53. Rd1 Rxa3
54. Rxg7 Ra2+ 55. Kc1 R8a3 56. Rg3 Be8 57. Rd5+ Kc4 58. Rd8 Ra8 59. Rxa8 Rxa8
60. Kb2 Bxh5 61. Rh3 Be2 62. Rxh6 Ra6 63. Rh8 Rc6 64. Rd8 Kc5 65. Bb3 Rc7 66.
Rf8 Rg7 67. Rg8 Rxg8 68. Bxg8 Bc4 69. Bh7 Be6 70. Kc2 Kc4 71. Kd2 Kb3 72. Bg6
Bc4 73. g3 Kb2 74. Bf5 1/2-1/2

[Event "24th ch-EUR Indiv w 2024"]
[Site "Rhodes GRE"]
[Date "2024.04.27"]
[Round "8.14"]
[White "Zhukova, Natalia"]
[Black "Efroimski, Marsel"]
[Result "0-1"]
[WhiteTitle "GM"]
[BlackTitle "IM"]
[WhiteElo "2301"]
[BlackElo "2457"]
[WhiteFideId "14101513"]
[BlackFideId "2810964"]
[EventDate "2024.04.19"]

1. Nf3 d5 2. d4 Nf6 3. c4 e6 4. Nc3 dxc4 5. e3 a6 6. Bxc4 b5 7. Bb3 Bb7 8. O-O
c5 9. Qe2 Nbd7 10. Rd1 c4 11. Bc2 b4 12. Na4 Qa5 13. e4 Rc8 14. Bg5 Be7 15. Bh4
O-O 16. Ne5 Nxe5 17. dxe5 Qxe5 18. Nb6 g5 19. Bg3 Qxb2 20. Nxc8 Rxc8 21. e5 Ne4
22. Re1 b3 23. axb3 cxb3 24. Bxe4 Qxe2 25. Rxe2 Bxe4 26. Rxe4 b2 27. Rb1 Bb4 28.
Kf1 Rc1+ 29. Ke2 Ba3 30. Rxb2 Bxb2 31. Rb4 Bc3 32. Rg4 h6 33. h4 a5 34. hxg5
hxg5 35. Rxg5+ Kf8 36. Rh5 a4 37. Rh8+ Kg7 38. Ra8 Ra1 39. Kd3 Bb2 40. Kc2 a3
41. Bf4 Bd4 42. Bc1 Ra2+ 43. Kd3 Bxe5 44. Rxa3 Rxf2 45. g4 Bf4 46. Ra1 Bxc1 47.
Rxc1 Rf4 48. Rg1 Kg6 49. Ke3 Kg5 0-1

[Event "24th ch-EUR Indiv w 2024"]
[Site "Rhodes GRE"]
[Date "2024.04.27"]
[Round "8.15"]
[White "Socko, Monika"]
[Black "Zherebtsova, Alexandra"]
[Result "1-0"]
[WhiteTitle "GM"]
[BlackTitle "WFM"]
[WhiteElo "2428"]
[BlackElo "2302"]
[WhiteFideId "1106619"]
[BlackFideId "24129518"]
[EventDate "2024.04.19"]

1. e4 e5 2. Nf3 Nc6 3. d4 exd4 4. Nxd4 Nf6 5. Nxc6 bxc6 6. Bd3 d5 7. exd5 cxd5
8. O-O Be7 9. c4 d4 10. Bg5 O-O 11. Bxf6 Bxf6 12. Nd2 Rb8 13. Qc2 g6 14. c5 Be6
15. a3 a5 16. Rfb1 Bg5 17. b4 axb4 18. axb4 Bxd2 19. Qxd2 Qd5 20. Qf4 Rfc8 21.
Ra7 c6 22. h4 Bf5 23. Bxf5 Qxf5 24. Qxf5 gxf5 25. Rd7 Rd8 26. Rxd8+ Rxd8 27. Kf1
d3 28. Ke1 d2+ 29. Kd1 Rd4 30. Rb2 h5 31. b5 cxb5 32. c6 Rd8 33. Rxb5 Rc8 34.
Rc5 Kf8 35. Kxd2 Ke7 36. Ke3 Kd6 37. Rxf5 Kxc6 38. Rxf7 Rh8 39. Kf4 Kd6 40. Ke4 1-0

[Event "24th ch-EUR Indiv w 2024"]
[Site "Rhodes GRE"]
[Date "2024.04.27"]
[Round "8.16"]
[White "Kubicka, Anna"]
[Black "Narva, Mai"]
[Result "1-0"]
[WhiteTitle "WIM"]
[BlackTitle "IM"]
[WhiteElo "2292"]
[BlackElo "2401"]
[WhiteFideId "1152254"]
[BlackFideId "4500512"]
[EventDate "2024.04.19"]

1. e4 c5 2. Nf3 d6 3. c3 Nf6 4. h3 Nc6 5. Bd3 e5 6. Bc2 g6 7. d4 cxd4 8. cxd4
exd4 9. Nxd4 Bg7 10. O-O O-O 11. Nxc6 bxc6 12. Nc3 d5 13. exd5 Nxd5 14. Nxd5
cxd5 15. Rb1 Be6 16. Bd3 Qd7 17. b3 Rac8 18. Bb2 d4 19. Rc1 Bd5 20. Qg4 Qb7 21.
Rxc8 Rxc8 22. Rd1 Be6 23. Qf4 Qb4 24. Bf1 Rd8 25. Qc7 Ra8 26. Qf4 Rd8 27. Qc7
Qb6 28. Qf4 a5 29. Ba3 Bf5 30. Bd3 Bxd3 31. Rxd3 Qe6 32. Qd2 Rd5 33. Bb2 Bf6 34.
Kf1 Qd6 35. Kg1 h5 36. Qc1 Rc5 37. Qd1 Qc7 38. Qf3 Be5 39. g3 Qd7 40. Qd1 Rd5
41. Kg2 Bg7 42. Qf3 Qe6 43. h4 Rf5 44. Qd1 Qc6+ 45. Kg1 Rd5 46. Kh2 Bf6 47. Rd2
Qc5 48. Qf3 Rf5 49. Qd3 Qd6 50. Qe4 Qb4 51. Qd3 Bg7 52. Re2 Qb7 53. Kg1 Kh7 54.
Rd2 Re5 55. Rd1 Re4 56. Bc1 Qd5 57. Bd2 Qe5 58. Bxa5 Bf6 59. Bc7 Qf5 60. Kg2 Qd5
61. Qf3 Qe6 62. Bf4 Re2 63. Rd2 Re1 64. Bg5 Bg7 65. Rc2 Qa6 66. Rc4 Qxa2 67. Rc7
Qa6 68. Rxf7 Qf1+ 69. Kh2 Qg1+ 70. Kh3 Qf1+ 71. Qg2 Kg8 72. Qxf1 Rxf1 73. Kg2
Rd1 74. Rd7 Rb1 75. Rb7 d3 76. Kf3 Rb2 77. Be3 d2 78. Rd7 Bc3 79. Rd3 Bb4 80.
Ke2 Kf7 81. Bxd2 Bxd2 82. Rxd2 Rxb3 83. Rd3 Rb2+ 84. Ke3 Kf6 85. Rd4 Kf5 86.
Rf4+ Ke5 87. Rf8 Rb3+ 88. Ke2 Ra3 89. Kf1 Rb3 90. Kg2 Rb4 91. Kh3 Ra4 92. f3 Rb4
93. g4 hxg4+ 94. fxg4 Rb3+ 95. Kg2 Ra3 96. Rf3 Ra1 97. g5 Ke4 98. Rf6 Ra3 99.
Rxg6 Kf5 100. Rh6 Ra2+ 101. Kf3 Ra3+ 102. Ke2 Ra2+ 103. Kd3 Ra3+ 104. Kc4 Ra4+
105. Kb5 Rg4 106. Kc6 Ra4 107. Kc7 Ra7+ 108. Kb8 Rg7 109. Kc8 Ra7 110. g6 Kf6
111. h5 Re7 112. Rh8 Ra7 113. Kb8 Re7 114. Rc8 Kg5 115. Rh8 Kf6 116. Kc8 Ra7
117. Rd8 Ra8+ 118. Kd7 Ra5 119. Rf8+ Kg7 120. Rf7+ Kg8 121. h6 Ra7+ 122. Ke6
Ra6+ 123. Kf5 Ra5+ 124. Kf6 Ra6+ 125. Kg5 Ra8 126. h7+ Kh8 127. Kh6 1-0

[Event "24th ch-EUR Indiv w 2024"]
[Site "Rhodes GRE"]
[Date "2024.04.27"]
[Round "8.17"]
[White "Toma, Katarzyna"]
[Black "Kiolbasa, Oliwia"]
[Result "1/2-1/2"]
[WhiteTitle "WGM"]
[BlackTitle "IM"]
[WhiteElo "2202"]
[BlackElo "2386"]
[WhiteFideId "1119907"]
[BlackFideId "1154613"]
[EventDate "2024.04.19"]

1. e4 e5 2. Nf3 Nc6 3. d4 exd4 4. Nxd4 Bc5 5. Nb3 Bb6 6. Nc3 Nf6 7. Bf4 O-O 8.
Be2 Re8 9. f3 a5 10. a4 Nh5 11. Qd2 Nxf4 12. Qxf4 Nb4 13. O-O-O c6 14. Kb1 d5
15. exd5 Be3 16. Qc4 cxd5 17. Nxd5 Be6 18. Nxe3 Bxc4 19. Rxd8 Raxd8 20. Bxc4
Rxe3 21. Nxa5 b6 22. Nb3 Rde8 23. c3 Re1+ 24. Rxe1 Rxe1+ 25. Nc1 Nc6 26. b4 Kf8
27. Bd5 Ne7 28. Bb7 Ke8 29. f4 Kd7 30. Kc2 Nf5 31. Nd3 Re7 32. Kd2 f6 33. g3 Kd6
34. Ba6 Ne3 35. Nb2 Ng4 36. Be2 Nf2 37. c4 g5 38. fxg5 fxg5 39. c5+ bxc5 40.
Nc4+ Kd5 41. b5 Kd4 42. b6 Ne4+ 43. Kc2 Nc3 44. Bd3 Nxa4 45. Nd6 c4 46. Bf1 Nxb6
47. Nf5+ Ke4 48. Nxe7 Kf3 49. Nf5 Kf2 50. Bh3 h5 51. g4 hxg4 52. Bxg4 Kg2 53. h3
Nd5 54. Nd4 Ne3+ 55. Kc3 Nxg4 56. hxg4 Kg3 57. Ne6 1/2-1/2

[Event "24th ch-EUR Indiv w 2024"]
[Site "Rhodes GRE"]
[Date "2024.04.27"]
[Round "8.18"]
[White "Mkrtchian, Lilit"]
[Black "Piddubna, Bozhena"]
[Result "1-0"]
[WhiteTitle "IM"]
[BlackTitle "WCM"]
[WhiteElo "2366"]
[BlackElo "2005"]
[WhiteFideId "13300601"]
[BlackFideId "34109293"]
[EventDate "2024.04.19"]

1. Nf3 Nf6 2. c4 e6 3. g3 b6 4. Bg2 Bb7 5. O-O Be7 6. d4 O-O 7. Nc3 Ne4 8. Bd2
Bf6 9. Rc1 d6 10. d5 Nxc3 11. Bxc3 Bxc3 12. Rxc3 e5 13. b4 a5 14. a3 Nd7 15. Qd2
Qe7 16. e4 Bc8 17. Re1 h6 18. Nh4 Nb8 19. c5 axb4 20. axb4 bxc5 21. bxc5 dxc5
22. Rec1 Na6 23. Bf1 g5 24. Ng2 Bh3 25. Ne3 Bxf1 26. Kxf1 Rfb8 27. Qe2 Qf6 28.
Ng4 Qg7 29. Ra3 h5 30. Ne3 Qg6 31. Nf5 Kf8 32. Rca1 Rb6 33. d6 c4 34. Qxc4 Qe6
35. Qe2 Rxd6 36. Nxd6 Qxd6 37. Rxa6 Rxa6 38. Rxa6 Qd4 39. Ra8+ Kg7 40. Qxh5 1-0

[Event "24th ch-EUR Indiv w 2024"]
[Site "Rhodes GRE"]
[Date "2024.04.27"]
[Round "8.19"]
[White "Toncheva, Nadya"]
[Black "Gaal, Zsoka"]
[Result "1-0"]
[WhiteTitle "FM"]
[BlackTitle "WIM"]
[WhiteElo "2258"]
[BlackElo "2356"]
[WhiteFideId "2924056"]
[BlackFideId "777765"]
[EventDate "2024.04.19"]

1. e4 e5 2. Nf3 Nc6 3. Bb5 a6 4. Ba4 Nf6 5. O-O Be7 6. Re1 b5 7. Bb3 d6 8. c3
O-O 9. h3 Bd7 10. d4 h6 11. a3 Re8 12. Ba2 Bf8 13. d5 Ne7 14. b3 c6 15. c4 Qc8
16. Bd2 Ng6 17. Nc3 Nh5 18. dxc6 Bxc6 19. cxb5 axb5 20. b4 Nf6 21. Nh2 Qb7 22.
Qf3 Nf4 23. Ng4 Nxg4 24. Qxg4 Ne6 25. Bd5 Kh8 26. Be3 Rac8 27. Bxc6 Rxc6 28. Nd5
Rc4 29. Qf3 Ra8 30. Nb6 Ng5 31. Qe2 Rxe4 32. Nxa8 d5 33. f3 Rh4 34. Bxg5 hxg5
35. Qxe5 Qxa8 36. Qxg5 Qa7+ 37. Kh1 Qf2 38. Rf1 1-0

[Event "24th ch-EUR Indiv w 2024"]
[Site "Rhodes GRE"]
[Date "2024.04.27"]
[Round "8.20"]
[White "Ibrahimova, Sabina"]
[Black "Mkrtchyan, Mariam"]
[Result "1-0"]
[WhiteTitle "WIM"]
[BlackTitle "WIM"]
[WhiteElo "2175"]
[BlackElo "2354"]
[WhiteFideId "13403893"]
[BlackFideId "13310828"]
[EventDate "2024.04.19"]

1. c4 e6 2. Nc3 d5 3. d4 Nf6 4. cxd5 exd5 5. Bg5 Bb4 6. e3 h6 7. Bh4 g5 8. Bg3
h5 9. Bd3 h4 10. Be5 Nbd7 11. Qc2 c6 12. O-O-O Nxe5 13. dxe5 Ng4 14. Nf3 Qe7 15.
Rhf1 h3 16. g3 Be6 17. Kb1 O-O-O 18. Nb5 Kb8 19. Nbd4 c5 20. Nxe6 fxe6 21. Be2
c4 22. Rd4 Nh6 23. Rdd1 Nf7 24. g4 Bc5 25. Rd2 Bb6 26. Rfd1 Bc7 27. Qc3 Qc5 28.
a3 Qf8 29. e4 dxe4 30. Nd4 Qe7 31. Bxc4 Bxe5 32. Qb3 Bxd4 33. Rxd4 Ne5 34. Qg3 1-0

[Event "24th ch-EUR Indiv w 2024"]
[Site "Rhodes GRE"]
[Date "2024.04.27"]
[Round "8.21"]
[White "Melia, Salome"]
[Black "Terbe, Julianna"]
[Result "1-0"]
[WhiteTitle "IM"]
[BlackTitle "WIM"]
[WhiteElo "2322"]
[BlackElo "2274"]
[WhiteFideId "13602446"]
[BlackFideId "708780"]
[EventDate "2024.04.19"]

1. e4 e5 2. Nf3 Nc6 3. Bb5 a6 4. Ba4 Nf6 5. O-O b5 6. Bb3 Bc5 7. c3 d6 8. a4 Rb8
9. d4 Bb6 10. a5 Ba7 11. h3 Bb7 12. Be3 Nxe4 13. Qe1 exd4 14. cxd4 Ne7 15. Nfd2
Nxd2 16. Nxd2 O-O 17. Bg5 Re8 18. Qe3 Qd7 19. Bc2 Ng6 20. Qd3 Qc6 21. Nf3 Qc4
22. Rac1 Qxd3 23. Bxd3 c5 24. dxc5 dxc5 25. Bxg6 hxg6 26. Be3 Rxe3 27. fxe3 c4
28. Kf2 Re8 29. Rfe1 Be4 30. Rcd1 Bc5 31. Rd7 Bb4 32. Red1 Bxa5 33. R1d6 c3 34.
bxc3 Bxc3 35. Ng5 Bf5 36. Rd8 Kf8 37. Rxe8+ Kxe8 38. Rxa6 b4 39. Ra8+ Ke7 40.
Ra7+ Kd6 41. Kf3 Kc6 42. Ne4 Be5 43. Nd2 Bc2 44. Rxf7 b3 45. Ke2 b2 46. Rf1 Kc5
47. h4 Kb4 48. Rf7 Bc3 49. Rb7+ Ka4 50. g4 Bb4 51. h5 gxh5 52. gxh5 Be4 53. Nxe4
b1=Q 54. Nc3+ Bxc3 55. Rxb1 1-0